<?xml version="1.0" encoding="UTF-8"?>
<record
    xmlns:xsi="http://www.w3.org/2001/XMLSchema-instance"
    xsi:schemaLocation="http://www.loc.gov/MARC21/slim http://www.loc.gov/standards/marcxml/schema/MARC21slim.xsd"
    xmlns="http://www.loc.gov/MARC21/slim">

  <leader>01937nab a2200277 ab4500</leader>
  <controlfield tag="005">20260630141638.0</controlfield>
  <controlfield tag="008">260604b2025    sp tr poo|    0   0 spa d</controlfield>
  <controlfield tag="003"></controlfield>
  <datafield tag="040" ind1=" " ind2=" ">
    <subfield code="a">MX-MxUPN</subfield>
    <subfield code="b">spa</subfield>
    <subfield code="c">MX-MxUPN</subfield>
    <subfield code="e">aacr2</subfield>
  </datafield>
  <datafield tag="100" ind1="1" ind2=" ">
    <subfield code="a">Bogino, Victoria</subfield>
    <subfield code="9">60157</subfield>
  </datafield>
  <datafield tag="100" ind1="1" ind2=" ">
    <subfield code="a">Jurado Guerrero, Teresa</subfield>
    <subfield code="9">60158</subfield>
  </datafield>
  <datafield tag="245" ind1="1" ind2="4">
    <subfield code="a">Las cuatro trayectorias laborales de las madres en Espa&#xF1;a :</subfield>
    <subfield code="b">diferencias por clase social y uso de los permisos parentales</subfield>
    <subfield code="h">[recurso electr&#xF3;nico en l&#xED;nea]</subfield>
  </datafield>
  <datafield tag="506" ind1="0" ind2=" ">
    <subfield code="a">Acceso abierto</subfield>
  </datafield>
  <datafield tag="520" ind1="3" ind2=" ">
    <subfield code="a">Este art&#xED;culo analiza las trayectorias laborales de las cohortes de madres de 1968-1978, los factores que influyen en su vinculaci&#xF3;n laboral durante la formaci&#xF3;n familiar y en su ocupaci&#xF3;n hacia el final de la etapa f&#xE9;rtil. La Encuesta de Fecundidad de 2018 permite realizar un an&#xE1;lisis de secuencias que revisa los hallazgos previos de la polarizaci&#xF3;n de las mujeres en Espa&#xF1;a y arroja cuatro tipos de trayectorias laborales: vinculaci&#xF3;n segura, incierta, intermitente y desvinculaci&#xF3;n. Al poder incluir las caracter&#xED;sticas de la pareja en los modelos de regresi&#xF3;n, observamos una estratificaci&#xF3;n social de esas trayectorias seg&#xFA;n el nivel educativo y un emparejamiento hom&#xF3;gamo, que producen un efecto cicatriz de clase social. El mayor acceso al permiso de maternidad no evita este efecto, pero disminuye la probabilidad de tener trayectorias laborales intermitentes. </subfield>
    <subfield code="c">REIS</subfield>
  </datafield>
  <datafield tag="653" ind1=" " ind2=" ">
    <subfield code="a">Trayectorias laborales</subfield>
  </datafield>
  <datafield tag="650" ind1=" " ind2="2">
    <subfield code="a">Maternidad</subfield>
    <subfield code="9">14890</subfield>
  </datafield>
  <datafield tag="650" ind1=" " ind2="2">
    <subfield code="a">Estratificaci&#xF3;n social</subfield>
    <subfield code="9">6923</subfield>
  </datafield>
  <datafield tag="653" ind1=" " ind2="4">
    <subfield code="a">Permisos parentales</subfield>
  </datafield>
  <datafield tag="653" ind1=" " ind2=" ">
    <subfield code="a">Conciliaci&#xF3;n</subfield>
  </datafield>
  <datafield tag="653" ind1=" " ind2=" ">
    <subfield code="a">An&#xE1;lisis de secuencias</subfield>
  </datafield>
  <datafield tag="773" ind1=" " ind2=" ">
    <subfield code="g">No. 192 (2025), p. 67-86</subfield>
    <subfield code="t">REIS: revista espa&#xF1;ola de investigaciones sociol&#xF3;gicas</subfield>
    <subfield code="x">1988-5903</subfield>
  </datafield>
  <datafield tag="856" ind1="4" ind2=" ">
    <subfield code="u">https://reis.cis.es/index.php/reis/article/view/2412</subfield>
  </datafield>
  <datafield tag="856" ind1="4" ind2=" ">
    <subfield code="u">https://reis.cis.es/index.php/reis/article/view/2412/2975</subfield>
  </datafield>
  <datafield tag="902" ind1=" " ind2=" ">
    <subfield code="a">Leonor Sotres/300626</subfield>
  </datafield>
  <datafield tag="942" ind1=" " ind2=" ">
    <subfield code="c">ART-E</subfield>
  </datafield>
  <datafield tag="952" ind1=" " ind2=" ">
    <subfield code="0">0</subfield>
    <subfield code="1">0</subfield>
    <subfield code="4">0</subfield>
    <subfield code="7">0</subfield>
    <subfield code="8">CAA</subfield>
    <subfield code="a">BCUPN50</subfield>
    <subfield code="b">BCUPN50</subfield>
    <subfield code="c">ENL</subfield>
    <subfield code="d">2026-06-30</subfield>
    <subfield code="l">0</subfield>
    <subfield code="r">2026-06-30 14:17:07</subfield>
    <subfield code="u">https://reis.cis.es/index.php/reis/article/view/2412/2975</subfield>
    <subfield code="w">2026-06-30</subfield>
    <subfield code="y">ART-E</subfield>
  </datafield>
  <datafield tag="999" ind1=" " ind2=" ">
    <subfield code="c">215475</subfield>
    <subfield code="d">215475</subfield>
  </datafield>
</record>
